书目信息 |
| 题名: |
《实践论》解说
|
|
| 作者: | 李达 著 | |
| 分册: | ||
| 出版信息: | 北京 三联书店 1978 |
|
| 页数: | 117页 | |
| 开本: | 19cm | |
| 丛书名: | ||
| 单 册: | ||
| 中图分类: | A841.23 , A841 | |
| 科图分类: | ||
| 主题词: | 毛泽东著作研究-实践论 , 实践论-毛泽东著作研究 , 哲学思想-毛泽东思想 , 毛泽东思想-哲学思想 , 毛泽东著作--学习 , 毛泽东著作研究 | |
| 电子资源: | ||
| ISBN: | ||
| 000 | 00855nam0 2200325 450 | |
| 001 | 0958141531 | |
| 005 | 20090928162119.39 | |
| 010 | @dCNY0.26 | |
| 091 | @a2002.8 | |
| 100 | @a19950712d1978 em y0chiy0110 ea | |
| 101 | 0 | @achi |
| 102 | @aCN@b110000 | |
| 105 | @ay z 000yy | |
| 106 | @ar | |
| 200 | 1 | @a《实践论》解说@Ashi jian lun jie shuo@f李达著 |
| 205 | @a6版 | |
| 210 | @a北京@c三联书店@d1978 | |
| 215 | @a117页@d19cm | |
| 517 | 1 | @a实践论解说@Ashi jian lun jie shuo |
| 606 | 0 | @a毛泽东著作研究-实践论 |
| 606 | 0 | @a实践论-毛泽东著作研究 |
| 606 | 0 | @a哲学思想-毛泽东思想 |
| 606 | 0 | @a毛泽东思想-哲学思想 |
| 606 | 0 | @a毛泽东著作@x学习 |
| 606 | 0 | @a毛泽东著作研究 |
| 690 | @aA841.23@v3 | |
| 690 | @aA841@v4 | |
| 701 | 0 | @a李达@f(1890~1966)@Ali da@4著 |
| 801 | 0 | @aCN@bNLC |
| 905 | @a10447@dA841@eJY19 | |
| 《实践论》解说/李达著 .-6版 .-北京:三联书店,1978 |
| 117页;19cm |
| ISBN :CNY0.26 |
| ● |
| 相关链接 |
|
|
|
|
正题名:《实践论》解说
索取号:A841/JY19
 
预约/预借
| 序号 | 登录号 | 条形码 | 馆藏地/架位号 | 状态 | 备注 |
| 1 | 7804903 | 278049032 | 学院路分馆/ [索取号:A841/JY19] | 在馆 | |
| 2 | 7804904 | 278049041 | 学院路分馆/ [索取号:A841/JY19] | 在馆 |